000 00580nam a2200217 a 4500
999 _c911
_d911
008 191107t2011 ii ||||g |||| 00| 0 eng d
020 _a9780007321117
040 _aKO
_beng
041 0 _aeng
044 _aii
082 0 4 _223
_a813.54
_bSh233
100 1 _aSharma, Robin
245 1 0 _aThe Secret Letters of the Monk who sold his Ferrari /
_cRobin Sharma
260 _aAhmedabad :
_bJaico Publishing House ,
_c2011
300 _a132 p. ;
_c19 cm.
650 0 _aSelf-realization
650 0 _aSelf-actualization (Psychology)
904 _aA_BOSE
942 _cBK